000 00527nam a22002057a 4500
003 OSt
005 20140310181941.0
008 130724t xxu||||| |||| 00| 0 eng d
020 _a0553213601
050 _aPQ 2635.O7
_b.R839 1988
082 _aCLA R73c
_b1988
100 _aRostand, Edmond
_93644
245 _aCyrano De Bergerac /
_cEdmond Rostand.
260 _aNew York :
_bBantam Books,
_cc1981
300 _a195 p.
_c17 p.
541 _j1
562 _e1
650 _aClassics
_92808
942 _2lcc
_cBK
_kCLA
999 _c7674
_d7674